| 000 | 01127nam a2200313Ia 4500 | ||
|---|---|---|---|
| 001 | Z_3885 | ||
| 003 | CHAP | ||
| 008 | 220113s1986 xx 000 0 und d | ||
| 010 | _a166946 | ||
| 040 | _cCHAP | ||
| 090 | _aFolleto 568 | ||
| 100 |
_aLozoya Saldaña, Aguileo _968825 |
||
| 245 |
_aHuevecillos de piojos : descripción morfológica y clave taxonómica de huevecillos de once piojos comunes en la región de Saltillo, Coahuila, México / _cpor Aguileo Lozoya Saldaña y Eugenio Guerrero Rodríguez |
||
| 260 |
_aSaltillo. Coah. : _bUniversidad Autónoma Agraria Antonio Narro, _c1986 |
||
| 300 | _a11 p. ; ilus. | ||
| 440 |
_aFolleto de divulgación vol. I no. 7 1986 _9141123 |
||
| 500 | _a | ||
| 503 | _a | ||
| 650 |
_aInsectos parásitos y predatores _958961 |
||
| 650 |
_aOrugas _984152 |
||
| 650 |
_aPiojos de las aves de corral _988383 |
||
| 650 |
_aPiojos del ganado vacuno I. Guerrero Rodríguez, Eugenio II. Universidad Autónoma Agraria Antonio Narro. Saltillo, Coah. _9141124 |
||
| 901 | _aFolleto 568 | ||
| 902 | _aA | ||
| 910 | _a1986 | ||
| 942 | _cc14 | ||
| 942 | _cc14 | ||
| 999 |
_c166946 _d166946 |
||